Competitividad de las exportaciones colombianas

Bibliographic Details
Main Author: Gm̤ez Meja̕, Alberto
Format: eBook
Language:Spanish
Published: Bogot:̀ Ediciones de la U, 2017
Subjects:
Online Access:Acceso restringido

MARC

LEADER 00000nam a22000007a 4500
005 2018110205315.0
007 cr|||| ||||
008 181102s2017 co |||||s|||| 00||0 spa d
020 |a 978-958-762-485-4 
035 |a 22162 
040 |a vLex 
090 |c 8266  |d 8266 
100 1 |a Gm̤ez Meja̕, Alberto 
245 1 0 |a Competitividad de las exportaciones colombianas  |h [Recurso electrn̤ico] /  |c Alberto Gm̤ez Meja̕ 
256 |a Servicio en ln̕ea 
260 |a Bogot:̀  |b Ediciones de la U,  |c 2017 
300 |a 1 recurso electrn̤ico 
500 |a Son varios los objetivos de este trabajo: Determinar cul̀es son los subsectores exportadores que presentan ventajas comparativas o competitividad a nivel internacional; cul̀es la han ganado y cul̀es la han perdido. Se pretende hacerlo de la forma ms̀ tčnica posible, sin copiar la teora̕ econm̤ica que se encuentra en cualquier libro de economa̕ internacional, sin embargo, se hace un resumen de las teora̕s en el capt̕ulo 1 con tal de recordar al lector algunos conceptos importantes. Medir la competitividad usando 21 indicadores ampliamente conocidos en la literatura de la teora̕ econm̤ica internacional y disponible en el software WITS (World Integrated Trade Solutions), versin̤ 2.01, enero 2011. WITS es desarrollado por el Banco Mundial con colaboracin̤ de la UNCTAD, ITC, UNSD y WTO. Se aplicarǹ los indicadores a 99 subsectores de acuerdo al Harmonized System Codes. Complementar, con el uso de herramientas economťricas economťricas, los resultados obtenidos por los indicadores. Presentar los 21 indicadores de competitividad y los resultados economťricos para los 48 subsectores colombianos en tablas que permitan al lector sacar conclusiones expeditas para cada subsector. 
506 1 |a Disponible solo en los productos indicados  |d vLex Global  |d vLex Global (Academic Edition, excluding Law Schools)  |d vLex Global (U.S. Academic Edition, Law Schools)  |d vLex Global (U.S. Academic Edition, excluding Law Schools)  |d vLex Global (Academic Edition, Law Schools) 
650 0 4 |a Economa̕ y negocios  |z Colombia 
650 0 4 |a Comercio  |z Colombia 
740 0 |a vLex Libros (Servicio en ln̕ea) 
856 4 0 |u http://vlex.com/source/competitividad-de-las-exportaciones-colombianas-22162  |z Acceso restringido 
942 |c BOOK 
999 0 |a Economy and business 
999 0 |a Trade